| 000 | 00313nam a22001097a 4500 | ||
|---|---|---|---|
| 008 | 240911b |||||||| |||| 00| 0 eng d | ||
| 040 |
_aNational Science Library _cNational Science Library |
||
| 080 |
_aR 665.5(038)=40 _bK4 |
||
| 245 | _aPetrolier | ||
| 260 |
_aParis: _bGauthier-Villars, _c1964 |
||
| 942 |
_2udc _cREF |
||
| 999 |
_c66943 _d66943 |
||